[Event "MPJBiS 2020"]
[Site "?"]
[Date "2020.08.30"]
[Round "10.6"]
[White "Duda, Szymon"]
[Black "Grot, Blazej"]
[Result "0-1"]
[BlackElo "1557"]
[WhiteElo "1383"]
[LiveChessVersion "1.4.8"]

1. e4 {[%clk 0:03:01]} c5 {[%clk 0:03:03]} 2. Nf3 {[%clk 0:03:02]} e6
{[%clk 0:03:04]} 3. d4 {[%clk 0:03:03]} cxd4 4. Nxd4 {[%clk 0:03:04]} Nf6
{[%clk 0:03:05]} 5. Bd3 {[%clk 0:03:04]} Nc6 {[%clk 0:03:05]} 6. Nb3
{[%clk 0:02:52]} d5 {[%clk 0:03:02]} 7. exd5 {[%clk 0:02:48]} Nxd5
{[%clk 0:03:03]} 8. O-O {[%clk 0:02:44]} Be7 {[%clk 0:03:03]} 9. Bd2
{[%clk 0:02:10]} O-O {[%clk 0:03:01]} 10. Nc3 {[%clk 0:02:10]} Nf6
{[%clk 0:02:59]} 11. Ne4 {[%clk 0:01:58]} b6 {[%clk 0:02:52]} 12. Rb1
{[%clk 0:01:24]} Bb7 {[%clk 0:02:48]} 13. Nxf6+ {[%clk 0:01:15]} Bxf6
{[%clk 0:02:49]} 14. Qh5 {[%clk 0:01:16]} g6 {[%clk 0:02:42]} 15. Qh3
{[%clk 0:01:17]} Ne5 {[%clk 0:02:32]} 16. Bc3 {[%clk 0:00:41]} Nxd3
{[%clk 0:02:28]} 17. Bxf6 {[%clk 0:00:40]} Qxf6 {[%clk 0:02:28]} 18. Qxd3
{[%clk 0:00:39]} Rfd8 {[%clk 0:02:26]} 19. Qg3 {[%clk 0:00:36]} Rac8
{[%clk 0:02:27]} 20. c3 {[%clk 0:00:35]} Kg7 {[%clk 0:02:19]} 21. Rbd1
{[%clk 0:00:34]} Qf5 {[%clk 0:02:12]} 22. Qe3 {[%clk 0:00:20]} Qg4
{[%clk 0:01:54]} 23. f3 {[%clk 0:00:21]} Qf5 {[%clk 0:01:50]} 24. Rd2
{[%clk 0:00:17]} Rd5 {[%clk 0:01:36]} 25. Rfd1 {[%clk 0:00:17]} Rcd8
{[%clk 0:01:34]} 26. Rxd5 {[%clk 0:00:16]} Rxd5 {[%clk 0:01:35]} 27. Rxd5
{[%clk 0:00:17]} Bxd5 {[%clk 0:01:33]} 28. Qd4+ {[%clk 0:00:11]} Kg8
{[%clk 0:01:33]} 29. Qd2 {[%clk 0:00:05]} Qb1+ {[%clk 0:01:30]} 30. Kf2
{[%clk 0:00:06]} Qxa2 {[%clk 0:01:30]} 31. Nd4 {[%clk 0:00:07]} Qc4
{[%clk 0:01:27]} 32. Qe2 {[%clk 0:00:08]} Qa2 {[%clk 0:01:17]} 33. Qd2
{[%clk 0:00:05]} a5 {[%clk 0:01:17]} 34. Kg3 {[%clk 0:00:04]} a4 {[%clk 0:01:11]}
35. Qc1 {[%clk 0:00:03]} Qc4 {[%clk 0:01:07]} 36. Qd2 {[%clk 0:00:04]} b5
{[%clk 0:01:08]} 37. Qe2 {[%clk 0:00:04]} Qc7+ {[%clk 0:01:01]} 38. Kf2
{[%clk 0:00:05]} Bc4 {[%clk 0:00:59]} 39. Qe4 {[%clk 0:00:05]} Qxh2
{[%clk 0:00:52]} 40. Qa8+ {[%clk 0:00:06]} Kg7 {[%clk 0:00:53]} 41. Qe4
{[%clk 0:00:07]} Qb8 {[%clk 0:00:52]} 42. Nc6 {[%clk 0:00:04]} Qc7
{[%clk 0:00:52]} 43. Qe5+ {[%clk 0:00:05]} Qxe5 {[%clk 0:00:52]} 44. Nxe5
{[%clk 0:00:06]} Kf6 {[%clk 0:00:52]} 45. Nc6 {[%clk 0:00:03]} Bd5
{[%clk 0:00:49]} 46. Nb4 {[%clk 0:00:04]} Ke5 {[%clk 0:00:49]} 47. Ke3
{[%clk 0:00:06]} Kd6 {[%clk 0:00:50]} 48. Nc2 {[%clk 0:00:07]} Bc4
{[%clk 0:00:49]} 49. Nd4 {[%clk 0:00:07]} h5 {[%clk 0:00:49]} 50. g3
{[%clk 0:00:04]} e5 {[%clk 0:00:46]} 51. Nc2 {[%clk 0:00:05]} Bb3
{[%clk 0:00:47]} 52. Nb4 {[%clk 0:00:06]} g5 {[%clk 0:00:46]} 53. f4
{[%clk 0:00:07]} exf4+ {[%clk 0:00:45]} 54. gxf4 {[%clk 0:00:08]} g4
{[%clk 0:00:46]} 55. Nd3 {[%clk 0:00:07]} f5 {[%clk 0:00:46]} 56. Ne5
{[%clk 0:00:07]} h4 {[%clk 0:00:46]} 57. Kf2 {[%clk 0:00:07]} Kd5
{[%clk 0:00:45]} 58. Ng6 {[%clk 0:00:08]} h3 {[%clk 0:00:45]} 59. Kg3
{[%clk 0:00:05]} Ke4 {[%clk 0:00:44]} 60. Ne7 {[%clk 0:00:06]} Be6
{[%clk 0:00:44]} 61. Nc6 {[%clk 0:00:07]} Kd5 {[%clk 0:00:43]} 62. Na5
{[%clk 0:00:04]} Bd7 {[%clk 0:00:44]} 63. Nb7 {[%clk 0:00:03]} Kc4
{[%clk 0:00:41]} 64. Nd6+ {[%clk 0:00:03]} Kb3 {[%clk 0:00:42]} 65. Nf7
{[%clk 0:00:03]} Kxb2 {[%clk 0:00:40]} 66. Ne5 {[%clk 0:00:04]} Be6
{[%clk 0:00:41]} 67. Nd3+ {[%clk 0:00:05]} Kxc3 {[%clk 0:00:41]} 68. Nc1
{[%clk 0:00:07]} a3 {[%clk 0:00:41]} 69. Ne2+ {[%clk 0:00:07]} Kb2
{[%clk 0:00:42]} 70. Nd4 {[%clk 0:00:08]} a2 {[%clk 0:00:42]} 71. Nxe6
{[%clk 0:00:09]} a1=Q {[%clk 0:00:42]} 72. Ng5 {[%clk 0:00:08]} Qg1+
{[%clk 0:00:42]} 73. Kh4 {[%clk 0:00:10]} h2 {[%clk 0:00:43]} 74. Kh5
{[%clk 0:00:08]} h1=Q+ {[%clk 0:00:43]} 75. Kg6 {[%clk 0:00:09]} Qc6+
{[%clk 0:00:41]} 76. Kh5 {[%clk 0:00:10]} Qh2+ {[%clk 0:00:41]} 77. Nh3
{[%clk 0:00:11]} Qxh3+ {[%clk 0:00:41]} 78. Kg5 {[%clk 0:00:12]} Qhh6+
{[%clk 0:00:40]} 79. Kxf5 {[%clk 0:00:13]} Qhg6+ {[%clk 0:00:41]} 80. Ke5
{[%clk 0:00:13]} Qce4# {[%clk 0:00:42]} 0-1

[Event "MPJBiS 2020"]
[Site "?"]
[Date "2020.08.30"]
[Round "10.7"]
[White "Pawlowski, Kamil"]
[Black "Zieba, Hubert"]
[Result "0-1"]
[BlackElo "1466"]
[WhiteElo "1177"]
[LiveChessVersion "1.4.8"]

1. c4 c5 2. Nc3 Nc6 3. e3 g6 4. d4 cxd4 5. exd4 Bg7 6. Nf3 Nf6 7. g3 d5 8. cxd5
Nxd5 9. Bb5 O-O 10. O-O a6 11. Bxc6 bxc6 12. Nxd5 Qxd5 13. Be3 Bg4 14. Kg2 Rab8
15. b3 c5 16. h3 Bxf3+ 17. Qxf3 Qxf3+ 18. Kxf3 cxd4 19. Bf4 e5 20. Bd2 f5 21.
Rac1 Rbc8 22. Bb4 Rfe8 23. g4 Bf8 24. Bxf8 Rxf8 25. gxf5 gxf5 26. Rg1+ Kh8 27.
Rge1 e4+ 28. Kf4 Rxc1 29. Rxc1 Kg7 30. Rd1 d3 31. f3 Re8 32. fxe4 fxe4 33. Ke3
Kf6 34. Rf1+ Ke5 35. Rf7 h6 36. Ra7 Re6 37. a4 Rd6 38. Re7+ Kf6 39. Rxe4 d2 40.
Rf4+ Kg6 41. Rg4+ Kh7 42. Rg1 d1=Q 43. Rxd1 Rxd1 44. b4 Rb1 45. b5 axb5 46. axb5
Rxb5 47. Kf3 Rb3+ 48. Kg4 Kg6 49. h4 h5+ 50. Kf4 Rb4+ 51. Kg3 Kf5 52. Kh3 Rb3+
53. Kg2 Kg4 54. Kf2 Kf4 55. Kg2 Ra3 56. Kh2 Kg4 57. Kg1 Ra2 58. Kf1 Kf3 59. Ke1
Rh2 60. Kd1 Ke3 61. Kc1 Kd3 62. Kb1 Kc3 63. Ka1 Kb3 64. Kb1 Rh1# 0-1

[Event "MPJBiS 2020"]
[Site "?"]
[Date "2020.08.30"]
[Round "10.8"]
[White "Bartodziej, Bartosz"]
[Black "Zielonka, Adam"]
[Result "1/2-1/2"]
[BlackElo "1438"]
[WhiteElo "1465"]
[LiveChessVersion "1.4.8"]

1. e4 {[%clk 0:03:03]} c5 {[%clk 0:03:02]} 2. Nf3 {[%clk 0:03:04]} e6
{[%clk 0:03:03]} 3. d4 {[%clk 0:03:05]} cxd4 {[%clk 0:03:03]} 4. Nxd4
{[%clk 0:03:06]} Nc6 {[%clk 0:03:05]} 5. Nc3 {[%clk 0:03:06]} a6 {[%clk 0:03:05]}
6. Be2 {[%clk 0:03:04]} d6 {[%clk 0:03:05]} 7. Be3 {[%clk 0:03:04]} Nf6
{[%clk 0:03:05]} 8. O-O {[%clk 0:03:04]} Be7 {[%clk 0:03:03]} 9. h3
{[%clk 0:02:59]} O-O {[%clk 0:02:58]} 10. a4 {[%clk 0:02:57]} Qc7
{[%clk 0:02:45]} 11. Qd2 {[%clk 0:02:39]} Ne5 {[%clk 0:02:34]} 12. f4
{[%clk 0:02:24]} Nc4 {[%clk 0:02:31]} 13. Bxc4 {[%clk 0:02:20]} Qxc4
{[%clk 0:02:32]} 14. Qd3 {[%clk 0:02:05]} Qc7 {[%clk 0:02:19]} 15. f5
{[%clk 0:01:59]} e5 {[%clk 0:02:18]} 16. Nde2 {[%clk 0:01:52]} Bd7
{[%clk 0:02:11]} 17. Rac1 {[%clk 0:01:33]} Rac8 {[%clk 0:01:56]} 18. b3
{[%clk 0:01:27]} Rfd8 {[%clk 0:01:29]} 19. Nd5 {[%clk 0:01:24]} Nxd5
{[%clk 0:01:29]} 20. Qxd5 {[%clk 0:01:22]} Qc6 {[%clk 0:01:21]} 21. c4
{[%clk 0:01:16]} Qxd5 {[%clk 0:01:13]} 22. cxd5 {[%clk 0:01:17]} Rxc1
{[%clk 0:01:13]} 23. Rxc1 {[%clk 0:01:18]} Rc8 {[%clk 0:01:15]} 24. Rxc8+
{[%clk 0:01:12]} Bxc8 {[%clk 0:01:15]} 25. a5 {[%clk 0:00:58]} Bd8
{[%clk 0:01:08]} 26. b4 {[%clk 0:00:59]} Kf8 {[%clk 0:01:04]} 27. Kf2
{[%clk 0:00:56]} Bd7 {[%clk 0:01:02]} 28. Bd2 {[%clk 0:00:47]} b5
{[%clk 0:00:55]} 29. g3 {[%clk 0:00:26]} Bf6 {[%clk 0:00:34]} 30. Kf3
{[%clk 0:00:27]} g6 {[%clk 0:00:29]} 31. Bh6+ {[%clk 0:00:16]} Bg7
{[%clk 0:00:30]} 32. Bxg7+ {[%clk 0:00:16]} Kxg7 {[%clk 0:00:30]} 33. g4
{[%clk 0:00:17]} gxf5 {[%clk 0:00:28]} 34. gxf5 {[%clk 0:00:18]} f6
{[%clk 0:00:27]} 35. Kg4 {[%clk 0:00:15]} Be8 {[%clk 0:00:27]} 36. Ng3
{[%clk 0:00:13]} Bf7 {[%clk 0:00:22]} 37. Ne2 {[%clk 0:00:09]} Be8
{[%clk 0:00:19]} 38. h4 {[%clk 0:00:07]} h5+ {[%clk 0:00:19]} 39. Kf3
{[%clk 0:00:07]} Kh6 {[%clk 0:00:17]} 40. Kg3 {[%clk 0:00:07]} Bd7
{[%clk 0:00:16]} 41. Nc1 {[%clk 0:00:08]} Bc8 {[%clk 0:00:16]} 1/2-1/2

[Event "MPJBiS 2020"]
[Site "?"]
[Date "2020.08.30"]
[Round "10.9"]
[White "Rosa, Antoni"]
[Black "Liskiewicz, Jakub"]
[Result "1/2-1/2"]
[BlackElo "1383"]
[WhiteElo "1445"]
[LiveChessVersion "1.4.8"]

1. c4 {[%clk 0:03:02]} Nf6 {[%clk 0:03:02]} 2. Nc3 {[%clk 0:03:03]} e6
{[%clk 0:03:02]} 3. g3 {[%clk 0:03:04]} Be7 {[%clk 0:03:02]} 4. Bg2
{[%clk 0:03:05]} O-O {[%clk 0:03:01]} 5. e3 {[%clk 0:03:06]} c6 {[%clk 0:02:59]}
6. Nge2 {[%clk 0:03:07]} d5 {[%clk 0:03:00]} 7. cxd5 {[%clk 0:03:06]} exd5
{[%clk 0:02:59]} 8. O-O {[%clk 0:03:05]} Nbd7 {[%clk 0:02:50]} 9. b3
{[%clk 0:03:06]} Nc5 {[%clk 0:02:45]} 10. d4 {[%clk 0:03:01]} Nce4
{[%clk 0:02:41]} 11. Bb2 {[%clk 0:02:59]} Bf5 {[%clk 0:02:29]} 12. Nxe4
{[%clk 0:02:55]} Nxe4 {[%clk 0:02:28]} 13. Nc3 {[%clk 0:02:55]} Qd7
{[%clk 0:02:16]} 14. Nxe4 {[%clk 0:02:44]} dxe4 {[%clk 0:02:10]} 15. f3
{[%clk 0:02:30]} Bg5 {[%clk 0:01:55]} 16. Qe2 {[%clk 0:02:25]} Rfe8
{[%clk 0:01:52]} 17. f4 {[%clk 0:01:41]} Bf6 {[%clk 0:01:42]} 18. Qd2
{[%clk 0:01:17]} h5 {[%clk 0:01:35]} 19. Rac1 {[%clk 0:01:14]} h4
{[%clk 0:01:33]} 20. Rc5 {[%clk 0:01:15]} Bh3 {[%clk 0:00:56]} 21. Bxh3 Qxh3 22.
Qg2 {[%clk 0:01:01]} Qg4 {[%clk 0:00:32]} 23. gxh4 {[%clk 0:00:53]} Qxg2+
{[%clk 0:00:17]} 24. Kxg2 {[%clk 0:00:54]} Bxh4 {[%clk 0:00:17]} 25. Kh3
{[%clk 0:00:54]} Be7 {[%clk 0:00:17]} 26. Rg1 {[%clk 0:00:54]} Bxc5
{[%clk 0:00:18]} 27. dxc5 {[%clk 0:00:55]} f6 {[%clk 0:00:18]} 28. Bxf6
{[%clk 0:00:56]} Kf7 {[%clk 0:00:14]} 29. Bd4 {[%clk 0:00:52]} g6
{[%clk 0:00:13]} 30. Rg5 {[%clk 0:00:51]} Rad8 {[%clk 0:00:12]} 31. Kg2
{[%clk 0:00:50]} Rd5 {[%clk 0:00:11]} 32. Rg3 {[%clk 0:00:45]} Rb8
{[%clk 0:00:08]} 33. b4 {[%clk 0:00:45]} b6 {[%clk 0:00:08]} 34. Kf2
{[%clk 0:00:39]} bxc5 {[%clk 0:00:06]} 35. bxc5 {[%clk 0:00:38]} Rb4
{[%clk 0:00:05]} 36. Rh3 {[%clk 0:00:36]} a5 {[%clk 0:00:04]} 37. Rh7+
{[%clk 0:00:36]} Ke6 {[%clk 0:00:05]} 38. Rg7 {[%clk 0:00:35]} Kf5
{[%clk 0:00:05]} 39. h3 {[%clk 0:00:31]} Ra4 {[%clk 0:00:05]} 40. Rf7+
{[%clk 0:00:31]} Ke6 {[%clk 0:00:05]} 41. Rf6+ {[%clk 0:00:31]} Kd7
{[%clk 0:00:05]} 42. Rf7+ {[%clk 0:00:30]} Ke6 {[%clk 0:00:05]} 43. Rf6+
{[%clk 0:00:22]} Kd7 {[%clk 0:00:06]} 44. Rf7+ {[%clk 0:00:22]} Ke8
{[%clk 0:00:06]} 45. Rc7 {[%clk 0:00:20]} Rxa2+ {[%clk 0:00:05]} 46. Kg3
{[%clk 0:00:21]} a4 {[%clk 0:00:03]} 47. Rxc6 {[%clk 0:00:22]} a3
{[%clk 0:00:03]} 48. Ra6 {[%clk 0:00:21]} Kd7 {[%clk 0:00:03]} 49. Ra7+
{[%clk 0:00:20]} Kc8 {[%clk 0:00:04]} 50. Ra6 {[%clk 0:00:21]} Kb7
{[%clk 0:00:05]} 51. Rb6+ {[%clk 0:00:21]} Kc7 {[%clk 0:00:06]} 52. Ra6
{[%clk 0:00:21]} Rh5 {[%clk 0:00:06]} 53. Be5+ {[%clk 0:00:21]} Kb7
{[%clk 0:00:07]} 54. Ra4 {[%clk 0:00:21]} Rh7 {[%clk 0:00:06]} 55. Bd6
{[%clk 0:00:17]} Rh8 {[%clk 0:00:07]} 56. Rb4+ {[%clk 0:00:16]} Kc6
{[%clk 0:00:07]} 57. Rb6+ {[%clk 0:00:14]} Kd7 {[%clk 0:00:08]} 58. Be5
{[%clk 0:00:12]} Rg8 {[%clk 0:00:08]} 59. Rb7+ {[%clk 0:00:12]} Kc6
{[%clk 0:00:09]} 60. Rb6+ {[%clk 0:00:13]} Kd7 {[%clk 0:00:09]} 61. Ra6
{[%clk 0:00:14]} Rc8 {[%clk 0:00:07]} 62. Ra5 {[%clk 0:00:13]} Ke6
{[%clk 0:00:07]} 63. Bd4 {[%clk 0:00:13]} Kd5 {[%clk 0:00:07]} 64. Ra4
{[%clk 0:00:13]} Rc6 65. Kg4 {[%clk 0:00:11]} Rg2+ {[%clk 0:00:07]} 66. Kh4
{[%clk 0:00:12]} a2 {[%clk 0:00:08]} 67. Ra7 {[%clk 0:00:10]} Kc4
{[%clk 0:00:08]} 68. Ra4+ {[%clk 0:00:09]} Kb3 {[%clk 0:00:09]} 69. Ra7
{[%clk 0:00:09]} Rc8 {[%clk 0:00:08]} 70. Rb7+ {[%clk 0:00:10]} Kc4
{[%clk 0:00:07]} 71. Ra7 {[%clk 0:00:10]} Rc6 {[%clk 0:00:04]} 72. Ra4+
{[%clk 0:00:10]} Kb3 {[%clk 0:00:04]} 73. Ra8 {[%clk 0:00:10]} Rc7
{[%clk 0:00:04]} 74. Rb8+ {[%clk 0:00:09]} Kc4 {[%clk 0:00:04]} 75. Rh8
{[%clk 0:00:05]} Ra7 {[%clk 0:00:04]} 76. Rh6 {[%clk 0:00:03]} a1=Q
{[%clk 0:00:03]} 77. Bxa1 {[%clk 0:00:05]} Rxa1 {[%clk 0:00:04]} 78. c6
{[%clk 0:00:06]} Ra7 {[%clk 0:00:04]} 79. Rh8 {[%clk 0:00:05]} Rc7
{[%clk 0:00:05]} 80. Rh6 {[%clk 0:00:05]} Rxc6 {[%clk 0:00:05]} 81. f5
{[%clk 0:00:06]} Rc7 {[%clk 0:00:04]} 82. fxg6 {[%clk 0:00:06]} Kd5
{[%clk 0:00:04]} 83. Rh5+ {[%clk 0:00:06]} Ke6 {[%clk 0:00:04]} 84. Ra5
{[%clk 0:00:06]} Kf6 {[%clk 0:00:05]} 85. Ra6+ {[%clk 0:00:08]} Kg7
{[%clk 0:00:06]} 86. Kh5 {[%clk 0:00:08]} Rc5+ {[%clk 0:00:07]} 87. Kh4
{[%clk 0:00:09]} Rxg6 {[%clk 0:00:06]} 88. Ra7+ {[%clk 0:00:11]} Kh6
{[%clk 0:00:07]} 89. Rh7+ {[%clk 0:00:07]} Kxh7 {[%clk 0:00:06]} 1/2-1/2

[Event "MPJBiS 2020"]
[Site "?"]
[Date "2020.08.30"]
[Round "10.10"]
[White "Skrzypinski, Jan"]
[Black "Bartoszczuk, Adam"]
[Result "1-0"]
[BlackElo "1223"]
[WhiteElo "1540"]
[LiveChessVersion "1.4.8"]

1. e4 {[%clk 0:03:02]} c5 {[%clk 0:03:03]} 2. Nf3 {[%clk 0:03:03]} e6
{[%clk 0:03:03]} 3. d4 {[%clk 0:03:04]} cxd4 {[%clk 0:03:04]} 4. Nxd4
{[%clk 0:03:05]} a6 {[%clk 0:03:06]} 5. Nc3 {[%clk 0:03:06]} Qc7 {[%clk 0:03:07]}
6. Be3 {[%clk 0:03:05]} Bb4 {[%clk 0:03:08]} 7. Qd2 {[%clk 0:02:57]} Nf6
{[%clk 0:03:08]} 8. Bd3 {[%clk 0:02:58]} d5 {[%clk 0:03:07]} 9. exd5
{[%clk 0:02:59]} Nxd5 {[%clk 0:03:06]} 10. O-O {[%clk 0:02:52]} Nxe3
{[%clk 0:02:48]} 11. Qxe3 {[%clk 0:02:46]} Bxc3 {[%clk 0:02:46]} 12. bxc3
{[%clk 0:02:47]} b5 {[%clk 0:02:08]} 13. Rfe1 {[%clk 0:02:34]} O-O
{[%clk 0:01:31]} 14. Qe4 {[%clk 0:02:34]} g6 {[%clk 0:01:25]} 15. Qxa8
{[%clk 0:02:34]} Bb7 {[%clk 0:01:11]} 16. Qa7 {[%clk 0:02:29]} Nd7
{[%clk 0:01:00]} 17. Be4 {[%clk 0:02:10]} Nc5 {[%clk 0:00:46]} 18. Bxb7
{[%clk 0:02:10]} Nxb7 {[%clk 0:00:46]} 19. c4 {[%clk 0:01:58]} Qxc4
{[%clk 0:00:33]} 20. Nxe6 {[%clk 0:01:50]} fxe6 {[%clk 0:00:31]} 21. Qxb7
{[%clk 0:01:51]} Qd4 {[%clk 0:00:22]} 22. Qxa6 {[%clk 0:01:28]} Qxf2+
{[%clk 0:00:17]} 23. Kh1 {[%clk 0:01:29]} Qxc2 {[%clk 0:00:12]} 24. Qxe6+
{[%clk 0:01:29]} Kh8 {[%clk 0:00:13]} 25. Qe5+ {[%clk 0:01:30]} Kg8
{[%clk 0:00:13]} 26. Qd5+ {[%clk 0:01:31]} Kh8 {[%clk 0:00:09]} 27. Qxb5
{[%clk 0:01:30]} Qc8 {[%clk 0:00:03]} 28. Qb2+ {[%clk 0:01:30]} Kg8
{[%clk 0:00:04]} 29. Re7 {[%clk 0:01:30]} Qf5 {[%clk 0:00:03]} 30. Qg7# 1-0

[Event "MPJBiS 2020"]
[Site "?"]
[Date "2020.08.30"]
[Round "10.11"]
[White "Derejczyk, Mateusz"]
[Black "Karp, Kacper"]
[Result "1-0"]
[BlackElo "1292"]
[WhiteElo "1479"]
[LiveChessVersion "1.4.8"]

1. e4 {[%clk 0:03:03]} c5 {[%clk 0:03:03]} 2. Nf3 {[%clk 0:03:04]} Nc6
{[%clk 0:03:04]} 3. d4 {[%clk 0:03:05]} cxd4 {[%clk 0:03:04]} 4. Nxd4
{[%clk 0:03:06]} g6 {[%clk 0:03:04]} 5. Nc3 {[%clk 0:03:06]} Bg7 {[%clk 0:03:05]}
6. Be3 {[%clk 0:03:07]} Nf6 {[%clk 0:03:05]} 7. Bc4 {[%clk 0:03:08]} Qa5
{[%clk 0:03:06]} 8. O-O {[%clk 0:02:54]} O-O {[%clk 0:02:57]} 9. f4
{[%clk 0:02:44]} d6 {[%clk 0:02:52]} 10. Nd5 {[%clk 0:02:36]} Nxd5
{[%clk 0:02:29]} 11. Bxd5 {[%clk 0:02:26]} Nxd4 {[%clk 0:02:09]} 12. Bxd4
{[%clk 0:02:25]} Bg4 {[%clk 0:01:17]} 13. Qd3 {[%clk 0:01:33]} Bd7
{[%clk 0:00:42]} 14. Bxg7 {[%clk 0:01:27]} Kxg7 {[%clk 0:00:42]} 15. Qd4+
{[%clk 0:01:05]} f6 {[%clk 0:00:36]} 16. Bxb7 {[%clk 0:00:48]} Rab8
{[%clk 0:00:26]} 17. Bd5 {[%clk 0:00:48]} Rfc8 {[%clk 0:00:23]} 18. Bb3
{[%clk 0:00:48]} Bb5 {[%clk 0:00:16]} 19. Rfe1 {[%clk 0:00:37]} Bc6
{[%clk 0:00:10]} 20. e5 {[%clk 0:00:35]} dxe5 {[%clk 0:00:07]} 21. fxe5
{[%clk 0:00:35]} Kf8 {[%clk 0:00:04]} 22. exf6 {[%clk 0:01:29]} e6
{[%clk 0:00:03]} 23. Qd6+ {[%clk 0:01:26]} Kg8 {[%clk 0:00:03]} 24. Qxe6+
{[%clk 0:01:26]} Kh8 {[%clk 0:00:04]} 25. f7 {[%clk 0:01:18]} Qb6+
{[%clk 0:00:05]} 26. Kh1 {[%clk 0:01:18]} Rf8 {[%clk 0:00:06]} 27. Qf6#
{[%clk 0:01:18]} Qd8 1-0

[Event "MPJBiS 2020"]
[Site "?"]
[Date "2020.08.30"]
[Round "11.1"]
[White "Raczek, Krzysztof"]
[Black "Dobosiewicz, Dawid"]
[Result "1-0"]
[BlackElo "1469"]
[WhiteElo "1720"]
[LiveChessVersion "1.4.8"]

1. e4 c5 2. Nf3 e6 3. b3 Nc6 4. Bb5 d5 5. Nc3 a6 6. Bxc6+ bxc6 7. d3 Nf6 8. O-O
Be7 9. Bb2 O-O 10. Qe2 a5 11. Rad1 Qc7 12. Rfe1 Ba6 13. Nd2 Rfd8 14. a4 Rab8 15.
Ba1 h6 16. h3 Rb7 17. e5 Nd7 18. f4 Nb6 19. f5 c4 20. dxc4 dxc4 21. f6 gxf6 22.
exf6 Bxf6 23. Qg4+ Kf8 24. Nde4 Bxc3 25. Bxc3 Nd5 26. Qg7+ Ke8 27. Nf6+ Ke7 28.
Nxd5+ 1-0

[Event "MPJBiS 2020"]
[Site "?"]
[Date "2020.08.30"]
[Round "11.2"]
[White "Seemann, Jakub"]
[Black "Musial, Igor"]
[Result "1-0"]
[BlackElo "1758"]
[WhiteElo "1811"]
[LiveChessVersion "1.4.8"]

1. d4 {[%clk 0:03:02]} d5 {[%clk 0:03:04]} 2. c4 {[%clk 0:03:03]} e6
{[%clk 0:03:05]} 3. Nc3 {[%clk 0:03:04]} Nf6 {[%clk 0:03:07]} 4. cxd5
{[%clk 0:03:04]} exd5 {[%clk 0:03:08]} 5. Bg5 {[%clk 0:03:04]} Be7
{[%clk 0:03:08]} 6. e3 {[%clk 0:03:04]} Nbd7 {[%clk 0:02:54]} 7. Bd3
{[%clk 0:03:02]} h6 {[%clk 0:02:52]} 8. Bh4 {[%clk 0:03:02]} b6 {[%clk 0:02:38]}
9. Qc2 {[%clk 0:02:55]} Bb7 {[%clk 0:02:08]} 10. Nge2 {[%clk 0:02:55]} c5
{[%clk 0:02:07]} 11. O-O {[%clk 0:02:35]} O-O {[%clk 0:02:07]} 12. Rae1
{[%clk 0:02:30]} a6 {[%clk 0:01:48]} 13. f3 {[%clk 0:02:19]} Rc8 {[%clk 0:01:40]}
14. Bf2 {[%clk 0:02:17]} b5 {[%clk 0:01:36]} 15. dxc5 {[%clk 0:01:58]} Nxc5
{[%clk 0:01:36]} 16. Bf5 {[%clk 0:01:59]} Ra8 {[%clk 0:01:04]} 17. Nd4
{[%clk 0:01:56]} Qc7 {[%clk 0:00:53]} 18. Rc1 {[%clk 0:01:28]} Qb6
{[%clk 0:00:42]} 19. Qd2 {[%clk 0:01:14]} Bc8 {[%clk 0:00:36]} 20. Bxc8
{[%clk 0:01:12]} Raxc8 {[%clk 0:00:37]} 21. Nf5 {[%clk 0:01:10]} Qe6
{[%clk 0:00:33]} 22. Nxe7+ {[%clk 0:01:02]} Qxe7 {[%clk 0:00:34]} 23. Nxd5
{[%clk 0:00:46]} Nxd5 {[%clk 0:00:34]} 24. Qxd5 {[%clk 0:00:46]} Rfd8
{[%clk 0:00:35]} 25. Qf5 {[%clk 0:00:44]} Qe6 {[%clk 0:00:15]} 26. Rxc5
{[%clk 0:00:41]} 1-0

[Event "MPJBiS 2020"]
[Site "?"]
[Date "2020.08.30"]
[Round "11.3"]
[White "Grot, Blazej"]
[Black "Nawalaniec, Adam"]
[Result "0-1"]
[BlackElo "1444"]
[WhiteElo "1557"]
[LiveChessVersion "1.4.8"]

1. e4 {[%clk 0:03:03]} Nc6 {[%clk 0:03:02]} 2. Nf3 {[%clk 0:03:02]} d6
{[%clk 0:03:04]} 3. d4 {[%clk 0:03:01]} Nf6 {[%clk 0:03:04]} 4. Nc3
{[%clk 0:03:02]} Bg4 {[%clk 0:03:05]} 5. Be2 {[%clk 0:03:00]} g6 {[%clk 0:03:06]}
6. h3 {[%clk 0:03:00]} Bxf3 {[%clk 0:03:06]} 7. Bxf3 {[%clk 0:03:00]} Bg7
{[%clk 0:03:04]} 8. Be3 {[%clk 0:03:01]} O-O {[%clk 0:03:01]} 9. O-O
{[%clk 0:03:00]} e6 {[%clk 0:02:18]} 10. Ne2 {[%clk 0:02:50]} Nd7
{[%clk 0:02:10]} 11. c4 {[%clk 0:02:46]} e5 {[%clk 0:02:05]} 12. g3
{[%clk 0:02:33]} Qf6 {[%clk 0:01:43]} 13. Bg4 {[%clk 0:02:04]} Nb6
{[%clk 0:01:22]} 14. d5 {[%clk 0:01:58]} Nd8 {[%clk 0:01:19]} 15. c5
{[%clk 0:01:54]} Nc4 {[%clk 0:01:04]} 16. Qb3 {[%clk 0:01:34]} Nxe3
{[%clk 0:00:41]} 17. Qxe3 {[%clk 0:01:34]} Qe7 {[%clk 0:00:39]} 18. Rac1
{[%clk 0:01:31]} f5 {[%clk 0:00:39]} 19. Bf3 {[%clk 0:01:23]} f4 {[%clk 0:00:24]}
20. Qc3 {[%clk 0:01:15]} Qg5 {[%clk 0:00:19]} 21. Bg2 {[%clk 0:01:06]} Bh6
{[%clk 0:00:18]} 22. Rc2 {[%clk 0:00:49]} Qf6 {[%clk 0:00:15]} 23. Bf3
{[%clk 0:00:40]} Qg5 {[%clk 0:00:17]} 24. g4 {[%clk 0:00:33]} Qh4
{[%clk 0:00:17]} 25. Kg2 {[%clk 0:00:33]} Nf7 {[%clk 0:00:14]} 26. cxd6
{[%clk 0:00:29]} cxd6 27. Qc7 {[%clk 0:00:27]} Rac8 {[%clk 0:00:09]} 28. Qxc8
{[%clk 0:00:26]} Rxc8 {[%clk 0:00:10]} 29. Rxc8+ Kg7 30. Rc7 {[%clk 0:00:26]} Kf8
{[%clk 0:00:10]} 31. Rxb7 {[%clk 0:00:26]} Ng5 {[%clk 0:00:11]} 32. Rh1
{[%clk 0:00:21]} Bg7 {[%clk 0:00:10]} 33. Rxa7 {[%clk 0:00:18]} Bf6
{[%clk 0:00:08]} 34. b4 {[%clk 0:00:18]} Bd8 {[%clk 0:00:09]} 35. a4
{[%clk 0:00:18]} Bb6 {[%clk 0:00:11]} 36. Ra8+ {[%clk 0:00:17]} Kg7
{[%clk 0:00:11]} 0-1